000 00427nam a2200169Ia 4500
003 GCL
008 140319s9999 xx 000 0 eng d
040 _aGCL /
_cGCL
082 0 4 _a325.3
_bS P
100 1 _aHORIZONS, DIVID
245 1 0 _aTHE POST - COLONIAL QUESTION /
_cHORIZONS, DIVID
700 1 _aSKIES, COMMON
260 _a[S.N] :
_bROUTLEDGE ،
_c1996
300 _a269 P
650 0 4 _aCOLONIZATION
942 _2ddc
_cBK
999 _c15257
_d15257